[Event "2.ligaD04/05-1"]
[Site "?"]
[Date "2004.10.17"]
[Round "1"]
[White "Masak, Pavel"]
[Black "Pochyly, Jan"]
[Result "1-0"]
[WhiteElo "2055"]
[BlackElo "2022"]
[PlyCount "67"]
[EventDate "2004.10.19"]

1. c4 Nf6 2. Nc3 g6 3. g3 Bg7 4. Bg2 d6 5. Nf3 O-O 6. O-O e5 7. d3 c5 8. a3 Nc6
9. Rb1 a5 10. Ne1 Rb8 11. Nc2 Bd7 12. b4 axb4 13. axb4 b6 14. b5 Nd4 15. Ne3
Nh5 16. Ned5 f5 17. e3 Ne6 18. Bb2 f4 19. Ne4 Bc8 20. Bf3 fxe3 21. fxe3 Nf6 22.
Nexf6+ Bxf6 23. Nxf6+ Qxf6 24. Bd5 Qxf1+ 25. Qxf1 Rxf1+ 26. Rxf1 Kg7 27. Ra1 h5
28. Ra7+ Kf6 29. h4 g5 30. Rh7 gxh4 31. gxh4 Kg6 32. Rh8 Ng7 33. d4 cxd4 34.
exd4 {(1.12-1.59)} 1-0

[Event "2.ligaD04/05-1"]
[Site "?"]
[Date "2004.10.17"]
[Round "1"]
[White "Strnad, Josef"]
[Black "Handl, Martin"]
[Result "1/2-1/2"]
[WhiteElo "2065"]
[BlackElo "2057"]
[PlyCount "163"]
[EventDate "2004.10.19"]

1. Nf3 Nf6 2. g3 g6 3. Bg2 Bg7 4. c4 O-O 5. O-O d6 6. Nc3 c5 7. d4 Nc6 8. d5
Na5 9. Qd3 e6 10. Nh4 exd5 11. cxd5 a6 12. Rb1 b5 13. e4 c4 14. Qc2 Re8 15. h3
Bb7 16. b4 cxb3 17. axb3 Rc8 18. Qd3 Nd7 19. Nxb5 axb5 20. Qxb5 Ba8 21. Bd2 Nb7
22. b4 Ne5 23. Rfc1 Qd7 24. Qa6 Rxc1+ 25. Rxc1 Rc8 26. Rxc8+ Qxc8 27. Bf1 Bf6
28. Kg2 Qb8 29. Be3 Nd8 30. Qa5 Qc8 31. Qb6 Be7 32. Qb5 Nd7 33. Nf3 Bb7 34. Qa4
Kg7 35. Nd2 Nb8 36. Qb3 Ba6 37. b5 Bb7 38. f4 Nd7 39. Qb2+ Bf6 40. Bd4 Bxd4 41.
Qxd4+ f6 42. Nc4 Nf7 43. Kf3 Qc5 44. Qb2 Nb6 45. Nxb6 Qxb6 46. Qc3 g5 47. Bd3
h5 48. Be2 h4 49. gxh4 gxf4 50. Kxf4 Ne5 51. Qg3+ Kf8 52. h5 Qd4 53. Qe3 Qa1
54. Qg3 Qc1+ 55. Qe3 Qe1 56. Bg4 Qh4 57. Qb6 Nxg4 58. Qxd6+ Kg7 59. Qd7+ Kf8
60. Qxg4 Qf2+ 61. Qf3 Qd2+ 62. Kg3 Qg5+ 63. Kh2 Qd2+ 64. Kg1 Qe1+ 65. Kg2 Qd2+
66. Kf1 Qc1+ 67. Ke2 Qc2+ 68. Ke3 Qc3+ 69. Ke2 Qc2+ 70. Kf1 Qc1+ 71. Kg2 Qd2+
72. Kg1 Qe1+ 73. Qf1 Qe3+ 74. Qf2 Qg5+ 75. Kh1 Qc1+ 76. Kh2 Qc7+ 77. Kg2 Qe5
78. h6 Qxe4+ 79. Qf3 Qxf3+ 80. Kxf3 Bxd5+ 81. Kf4 Kf7 82. b6 {(2.59-2.59)}
1/2-1/2

[Event "2.ligaD04/05-1"]
[Site "?"]
[Date "????.??.??"]
[Round "?"]
[White "Mlynek, Petr"]
[Black "Vechet, Stanislav"]
[Result "1/2-1/2"]
[WhiteElo "2188"]
[BlackElo "2248"]
[PlyCount "62"]
[EventDate "2004.10.19"]

1. d4 d5 2. c4 e6 3. Nf3 Nf6 4. g3 Be7 5. Bg2 O-O 6. O-O c6 7. Qc2 Nbd7 8. Nbd2
a5 9. e4 dxe4 10. Nxe4 Nxe4 11. Qxe4 Nf6 12. Qe2 a4 13. Rd1 Qa5 14. Ne5 Rd8 15.
Bf4 Bd7 16. Rd3 Be8 17. Rad1 Rac8 18. g4 Nd7 19. Be4 Nxe5 20. Bxe5 f6 21. Bf4
Bf7 22. h4 b5 23. c5 Qa7 24. g5 Qd7 25. Kh2 Qe8 26. gxf6 Bxf6 27. Be5 Bh5 28.
f3 Bxe5+ 29. dxe5 Qe7 30. Qf2 Rxd3 31. Rxd3 Bg6 1/2-1/2

[Event "2.ligaD04/05-1"]
[Site "?"]
[Date "????.??.??"]
[Round "?"]
[White "Symersky, Petr"]
[Black "Svihel, Karel"]
[Result "1-0"]
[WhiteElo "2091"]
[BlackElo "2081"]
[PlyCount "71"]
[EventDate "2004.10.19"]

1. d4 Nf6 2. Nf3 g6 3. g3 Bg7 4. Bg2 O-O 5. O-O d6 6. c4 c5 7. Nc3 Nc6 8. d5
Na5 9. Nd2 a6 10. Qc2 Rb8 11. b3 b5 12. Bb2 Bh6 13. e3 bxc4 14. bxc4 Bf5 15. e4
Bxd2 16. exf5 Nxc4 17. Nd1 Nxb2 18. Qxd2 Nxd1 19. Rfxd1 Qb6 20. fxg6 hxg6 21.
Qe1 Qc7 22. Qe2 a5 23. h4 Kg7 24. Bf3 Rb4 25. Re1 Re8 26. h5 e5 27. dxe6 Rxe6
28. Qd2 Rd4 29. Qc3 Rxe1+ 30. Rxe1 Qb6 31. hxg6 Kxg6 32. Qc2+ Kg7 33. Qf5 d5
34. Qg5+ Kf8 35. Qh6+ Kg8 36. Re8+ 1-0

[Event "2.ligaD04/05-1"]
[Site "?"]
[Date "????.??.??"]
[Round "?"]
[White "Zavadil, Michal"]
[Black "Lastovicka, Jiri"]
[Result "0-1"]
[WhiteElo "2054"]
[BlackElo "2110"]
[PlyCount "60"]
[EventDate "2004.10.19"]

1. d4 d5 2. c4 e6 3. Nc3 f5 4. Nf3 Nf6 5. Ne5 Be7 6. Bg5 O-O 7. e3 c6 8. c5
Nbd7 9. Bxf6 Bxf6 10. Nxd7 Bxd7 11. f4 b6 12. b4 bxc5 13. bxc5 Qa5 14. Qd2 Rab8
15. Bd3 g5 16. g3 gxf4 17. gxf4 Bh4+ 18. Kf1 Kh8 19. Rg1 Rg8 20. Rxg8+ Rxg8 21.
Rb1 Qc7 22. Ba6 Qd8 23. Rb2 Rg7 24. Ne2 Qg8 25. Rb7 Rg2 26. Qb4 Qg4 27. Ng3
Qf3+ 28. Ke1 Qf2+ 29. Kd1 Qc2+ 30. Ke1 Qc1# 0-1

[Event "2.ligaD04/05-1"]
[Site "?"]
[Date "????.??.??"]
[Round "?"]
[White "Sochna, Dusan"]
[Black "Komarek, David"]
[Result "0-1"]
[WhiteElo "2163"]
[BlackElo "2147"]
[PlyCount "104"]
[EventDate "2004.10.19"]

1. Nf3 d5 2. g3 c6 3. Bg2 Nd7 4. d3 Ngf6 5. Nbd2 e5 6. e4 dxe4 7. dxe4 b6 8.
O-O Qc7 9. b3 Ba6 10. Re1 Bc5 11. h3 Nf8 12. Bb2 N6d7 13. Bf1 Bxf1 14. Kxf1 Ne6
15. Nc4 f6 16. Nh4 O-O-O 17. c3 Ng5 18. Kg2 Nf8 19. Qc2 Nfe6 20. b4 Be7 21. Nf5
g6 22. Nfe3 Qd7 23. Rh1 Qd3 24. Qxd3 Rxd3 25. Rad1 Rxd1 26. Rxd1 Nxe4 27. h4
Rd8 28. f3 Rxd1 29. Nxd1 Nd6 30. Nde3 Nxc4 31. Nxc4 Kd7 32. Bc1 Nc7 33. Bd2 Ke6
34. Kf2 f5 35. Ke2 Nd5 36. Kd3 Bf6 37. a3 h5 38. Be1 g5 39. hxg5 Bxg5 40. Ke2
Bc1 41. a4 Ne7 42. Bd2 Bxd2 43. Nxd2 Nd5 44. Kd3 f4 45. gxf4 Nxf4+ 46. Ke3 h4
47. c4 h3 48. Nf1 a6 49. Nh2 b5 50. axb5 axb5 51. Kd2 bxc4 52. Kc3 Kd5 0-1

[Event "2.ligaD04/05-1"]
[Site "?"]
[Date "????.??.??"]
[Round "?"]
[White "Pospisil, Vladimir"]
[Black "Kalendovsky, Jan"]
[Result "0-1"]
[WhiteElo "2123"]
[BlackElo "2070"]
[PlyCount "106"]
[EventDate "2004.10.19"]

1. e4 d6 2. d4 Nf6 3. Nc3 g6 4. Nf3 Bg7 5. Be2 c5 6. dxc5 Qa5 7. O-O Qxc5 8.
Be3 Qa5 9. h3 Nc6 10. Qd2 O-O 11. Rad1 a6 12. Nd4 Qc7 13. f4 Bd7 14. Nxc6 Bxc6
15. Bf3 Rac8 16. Bd4 b5 17. a3 e5 18. Be3 Rfd8 19. fxe5 dxe5 20. Qf2 Rxd1 21.
Rxd1 Qb7 22. Qd2 Nxe4 23. Bxe4 Bxe4 24. Nxe4 Qxe4 25. Qd8+ Rxd8 26. Rxd8+ Bf8
27. Bh6 Qd4+ 28. Rxd4 exd4 29. Bf4 f5 30. Kf1 Kf7 31. Ke2 Ke6 32. Kd3 Kd5 33.
Bg5 Bg7 34. Bd8 h6 35. Be7 Be5 36. Bd8 g5 37. h4 g4 38. h5 f4 39. Bh4 f3 40.
gxf3 gxf3 41. Bf2 Bf6 42. Bg3 Bg5 43. Bf2 Ke5 44. b3 Bc1 45. Bxd4+ Kf4 46. Bf2
Bxa3 47. c4 bxc4+ 48. bxc4 Bd6 49. Kd4 Kg4 50. Ke4 Bg3 51. Ke3 a5 52. c5 Bc7
53. Ke4 a4 0-1

[Event "2.ligaD04/05-1"]
[Site "?"]
[Date "????.??.??"]
[Round "?"]
[White "Vrtal, Jaroslav"]
[Black "Lamser, Miroslav"]
[Result "1-0"]
[WhiteElo "2143"]
[BlackElo "2036"]
[PlyCount "62"]
[EventDate "2004.10.19"]

1. Nf3 Nf6 2. g3 g6 3. Bg2 Bg7 4. O-O O-O 5. c4 d6 6. Nc3 e5 7. d3 Nc6 8. Rb1
Bd7 9. b4 Qc8 10. Re1 Nd8 11. a4 Rb8 12. Ba3 Re8 13. e4 Bg4 14. a5 Nc6 15. Ne2
b6 16. axb6 axb6 17. b5 Nd8 18. Bb4 Ra8 19. Ra1 Ne6 20. Qd2 Nd7 21. h3 Bxf3 22.
Bxf3 Ndc5 23. Rxa8 Qxa8 24. Nc3 Nb3 25. Qb2 Nbd4 26. Bg2 Ng5 27. Rd1 Qc8 28. h4
Ngf3+ 29. Kf1 g5 30. hxg5 Qg4 31. Nd5 Rc8 1-0

[Event "2.ligaD04/05-1"]
[Site "?"]
[Date "????.??.??"]
[Round "?"]
[White "Michalcak, Lubomir"]
[Black "Klenner, Richard"]
[Result "0-1"]
[WhiteElo "2050"]
[BlackElo "1967"]
[PlyCount "64"]
[EventDate "2004.10.19"]

1. d4 Nf6 2. c4 e6 3. g3 d5 4. Bg2 Be7 5. Nf3 O-O 6. O-O c6 7. Nbd2 Nbd7 8. b3
a5 9. Bb2 b6 10. Re1 Ba6 11. e4 dxe4 12. Ne5 Qc7 13. Nxd7 Qxd7 14. Nxe4 Rad8
15. Qc2 Bb7 16. Rad1 Rc8 17. Qb1 Rfd8 18. h4 h6 19. Qa1 Ne8 20. Nc3 Nf6 21. Re3
Bf8 22. Red3 Qe7 23. Na4 b5 24. Nc5 Ba8 25. Ne4 Nxe4 26. Bxe4 Rb8 27. Bg2 bxc4
28. bxc4 Qb4 29. Bc3 Qxc4 30. Bxa5 Rd7 31. a4 Ra7 32. Rc3 Qa6 0-1

[Event "2.ligaD04/05-1"]
[Site "?"]
[Date "????.??.??"]
[Round "?"]
[White "Vratislavsky, Ivo"]
[Black "Koblizek, Antonin"]
[Result "1/2-1/2"]
[WhiteElo "1825"]
[BlackElo "2017"]
[PlyCount "79"]
[EventDate "2004.10.19"]

1. f4 d5 2. Nf3 c5 3. e3 Nc6 4. b3 Bg4 5. Bb2 Nf6 6. Be2 Bxf3 7. Bxf3 e6 8. O-O
Bd6 9. d3 e5 10. fxe5 Nxe5 11. Nd2 Qc7 12. g3 h5 13. Qe1 O-O-O 14. Qf2 Rd7 15.
Rae1 Neg4 16. Qg2 Nxh2 17. Bxf6 gxf6 18. Kxh2 h4 19. Kg1 f5 20. Bxd5 Rg8 21.
Rf3 Bxg3 22. Bxb7+ Qxb7 23. Ref1 Bh2+ 24. Kxh2 Rxg2+ 25. Kxg2 Rd8 26. Nc4 Qc7
27. Rf4 Rg8+ 28. Kf2 h3 29. Rg1 Rg6 30. Rh1 Qc6 31. e4 fxe4 32. dxe4 Qd7 33.
Kf3 f6 34. Rh4 f5 35. R1xh3 fxe4+ 36. Ke2 Rg2+ 37. Ke1 Rg8 38. Nd2 Qf5 39. Nxe4
Rg1+ 40. Kd2 1/2-1/2

[Event "2.ligaD04/05-1"]
[Site "?"]
[Date "????.??.??"]
[Round "5.1"]
[White "Brychta, Jan"]
[Black "Kanovsky, David"]
[Result "0-1"]
[WhiteElo "2202"]
[BlackElo "2392"]
[PlyCount "70"]
[EventDate "2004.10.19"]

1. e4 e6 2. d4 d5 3. Nd2 Be7 4. exd5 exd5 5. Bd3 Nf6 6. Ngf3 Bg4 7. O-O O-O 8.
Re1 Re8 9. Nf1 c5 10. Ne3 Bh5 11. Nf5 Bf8 12. Rxe8 Qxe8 13. dxc5 Bxc5 14. Be3
Bxe3 15. Nxe3 Nc6 16. h3 Rd8 17. Nf5 Ne4 18. Qe2 Qe6 19. g4 Bg6 20. N3d4 Nxd4
21. Nxd4 Qf6 22. Qe3 h5 23. f3 Ng5 24. Kg2 Bxd3 25. Qxd3 Re8 26. Rd1 h4 27. Qf5
Qd8 28. f4 Ne4 29. Nf3 Qb6 30. Nd4 Qxb2 31. Qxd5 Qc3 32. Qb3 Qc7 33. Kf3 Ng5+
34. Kg2 Qxf4 35. Qxb7 Qg3+ 0-1

[Event "2.ligaD04/05-1"]
[Site "?"]
[Date "????.??.??"]
[Round "5.2"]
[White "Belohlavek, Petr"]
[Black "Zigo, Viktor"]
[Result "1-0"]
[WhiteElo "2204"]
[BlackElo "2302"]
[PlyCount "84"]
[EventDate "2004.10.19"]

1. e4 e5 2. Nf3 Nc6 3. Bb5 a6 4. Ba4 Nf6 5. d3 b5 6. Bb3 Be7 7. Nbd2 O-O 8. Nf1
d5 9. exd5 Nxd5 10. Ng3 Bb7 11. O-O f5 12. Re1 f4 13. Ne4 Kh8 14. c3 Nb6 15.
Qe2 Bc8 16. h3 Bf5 17. Bd2 Bg6 18. Nh2 Na4 19. Bxa4 bxa4 20. Red1 Qd7 21. f3
Rab8 22. Be1 Qd5 23. Bf2 Qb5 24. Rd2 Rfd8 25. g3 fxg3 26. Bxg3 Bxe4 27. Qxe4
Bg5 28. Rg2 Rxd3 29. c4 Qb6+ 30. Bf2 Qxb2 31. Rf1 Rd2 32. Rxg5 Nd4 33. Qxe5
Ne2+ 34. Kh1 h6 35. Rh5 Qxe5 36. Rxe5 Rbb2 37. Ng4 Nf4 38. Bg3 Nxh3 39. Rd5
Rdc2 40. Be5 Rxa2 41. Rd7 h5 42. Rb1 Kh7 1-0

[Event "2.ligaD04/05-1"]
[Site "?"]
[Date "????.??.??"]
[Round "5.3"]
[White "Sedlacek, Oldrich"]
[Black "Kulovana, Eva"]
[Result "1-0"]
[WhiteElo "2248"]
[BlackElo "2183"]
[PlyCount "62"]
[EventDate "2004.10.19"]

{192MB, Fritz8.ctg, V-ZIGO} 1. Nf3 {[%emt 0:00:00]} 1... Nf6 {[%emt 0:00:00]}
2. g3 c5 3. Bg2 Nc6 4. d4 e6 5. O-O d5 6. c4 dxc4 7. Ne5 Bd7 8. Nxc4 cxd4 9.
Bf4 Bc8 10. Ne5 Nxe5 11. Bxe5 Bc5 12. Nd2 Nd7 13. Qc2 O-O 14. Ne4 d3 15. Qc3
Nxe5 16. Nxc5 dxe2 17. Rfe1 Nc6 18. Rxe2 Qe7 19. Rd1 Rb8 20. Red2 e5 21. Nd7
Bxd7 22. Rxd7 Qe6 23. Bxc6 bxc6 24. b3 h5 25. h4 e4 26. Qc5 Qg4 27. R1d2 Rbe8
28. Qe3 a5 29. Kg2 f5 30. f4 Rf6 31. Ra7 Rg6 {Zbytek necitelny} 1-0

[Event "2.ligaD04/05-1"]
[Site "?"]
[Date "????.??.??"]
[Round "5.4"]
[White "Dittrich, Pavel"]
[Black "Kozlicek, Lubomir"]
[Result "1-0"]
[WhiteElo "2196"]
[BlackElo "2158"]
[PlyCount "47"]
[EventDate "2004.10.19"]

{192MB, Fritz8.ctg, V-ZIGO} 1. d4 Nf6 2. Bg5 b6 3. Nf3 Ne4 4. Bf4 Bb7 5. Nbd2
Nxd2 6. Qxd2 e6 7. e3 Be7 8. h4 c5 9. O-O-O O-O 10. Ng5 g6 11. Bd3 d5 12. Nxh7
c4 13. Nxf8 Bxf8 14. Bg5 Qe8 15. Be2 b5 16. h5 b4 17. e4 c3 18. Qf4 cxb2+ 19.
Kb1 Nd7 20. Bb5 Bg7 21. h6 e5 22. Bxd7 Qxd7 23. hxg7 exf4 24. Bf6 1-0

[Event "2.ligaD04/05-1"]
[Site "?"]
[Date "????.??.??"]
[Round "5.5"]
[White "Novotny, Bohuslav"]
[Black "Brychta, David"]
[Result "1/2-1/2"]
[WhiteElo "2033"]
[BlackElo "2128"]
[PlyCount "42"]
[EventDate "2004.10.19"]

{192MB, Fritz8.ctg, V-ZIGO} 1. e4 c5 2. b3 a6 3. Bb2 e6 4. Nf3 Nc6 5. d4 cxd4
6. Nxd4 d6 7. Be2 Nf6 8. Nc3 Qc7 9. a4 Be7 10. O-O O-O 11. Kh1 Re8 12. f4 b6
13. Nxc6 Qxc6 14. e5 dxe5 15. fxe5 Nd5 16. Bf3 Rd8 17. Be4 Bb7 18. Bxh7+ Kxh7
19. Qh5+ Kg8 20. Qxf7+ Kh7 21. Qh5+ Kg8 1/2-1/2

[Event "2.ligaD04/05-1"]
[Site "?"]
[Date "????.??.??"]
[Round "5.6"]
[White "Miculka, Petr"]
[Black "Bina, Josef"]
[Result "0-1"]
[WhiteElo "2079"]
[BlackElo "2062"]
[PlyCount "79"]
[EventDate "2004.10.19"]

{192MB, Fritz8.ctg, V-ZIGO} 1. e4 e5 2. Nf3 Nc6 3. Bb5 a6 4. Ba4 Nf6 5. O-O Be7
6. Re1 b5 7. Bb3 d6 8. c3 O-O 9. h3 Na5 10. Bc2 c5 11. d4 Qc7 12. Nbd2 cxd4 13.
cxd4 Bb7 14. Nf1 exd4 15. Nxd4 d5 16. e5 Ne4 17. Bf4 Bc5 18. Rc1 Qb6 19. Be3
Nc4 20. Nf5 Nxe3 21. N1xe3 g6 22. Nh6+ Kg7 23. Bxe4 dxe4 24. Nhg4 Rfd8 25. Qb3
Rd3 26. Rc3 Rxc3 27. bxc3 Rd8 28. Rd1 h5 29. Rxd8 Qxd8 30. Nf6 Bxe3 31. fxe3
Qe7 32. Qb4 Qxe5 33. Nd7 Qe8 34. Qd4+ Kh6 35. Nf6 Qc8 36. h4 g5 37. hxg5+ Kxg5
38. Qe5+ Qf5 39. Nh7+ Kg6 40. Nf8+ {bily prekrocil cas} 0-1

[Event "2.ligaD04/05-1"]
[Site "?"]
[Date "????.??.??"]
[Round "5.7"]
[White "Vachtfeidl, Petr"]
[Black "Tesar, Jan"]
[Result "0-1"]
[WhiteElo "2106"]
[BlackElo "2102"]
[PlyCount "131"]
[EventDate "2004.10.19"]

{192MB, Fritz8.ctg, V-ZIGO} 1. e4 d6 2. d4 Nf6 3. Nc3 g6 4. Be3 Bg7 5. Qd2 c6
6. Bh6 Bxh6 7. Qxh6 Qa5 8. Bd3 Be6 9. Nge2 Nbd7 10. O-O O-O-O 11. h3 Nb6 12. a3
Qh5 13. Qe3 Nc4 14. Bxc4 Bxc4 15. Ng3 Qa5 16. Rfd1 h5 17. b3 Be6 18. d5 Bd7 19.
e5 Nxd5 20. Nxd5 cxd5 21. b4 Qb6 22. Qxb6 axb6 23. exd6 e6 24. c4 dxc4 25. Rac1
b5 26. Ne4 Bc6 27. Nf6 g5 28. f3 Rh6 29. Ne4 g4 30. hxg4 hxg4 31. Ng5 Rd7 32.
fxg4 Rg6 33. Nf3 Bxf3 34. gxf3 f5 35. a4 fxg4 36. f4 Rf6 37. Rd4 bxa4 38.
Rcxc4+ Kb8 39. b5 Rf5 40. b6 Rd5 41. Rxa4 R7xd6 42. Rxd5 exd5 43. Kf2 Rxb6 44.
Kg3 Rd6 45. Kxg4 d4 46. f5 Kc7 47. Kf4 b5 48. Ra2 Kb6 49. Ke5 Rd8 50. f6 Kc5
51. Rc2+ Kb4 52. Ke4 d3 53. Rb2+ Kc4 54. f7 b4 55. Ke3 b3 56. Rf2 Rf8 57. Rf4+
Kc3 58. Rf6 b2 59. Rc6+ Kb3 60. Rb6+ Kc2 61. Rc6+ Kd1 62. Rb6 Rxf7 63. Rxb2 Kc1
64. Rb8 d2 65. Rc8+ Kd1 66. Kd3 0-1

[Event "2.ligaD04/05-1"]
[Site "?"]
[Date "????.??.??"]
[Round "5.8"]
[White "Kruml, David"]
[Black "Hodac, Pavel"]
[Result "0-1"]
[WhiteElo "2148"]
[BlackElo "2045"]
[PlyCount "112"]
[EventDate "2004.10.19"]

{192MB, Fritz8.ctg, V-ZIGO} 1. c4 c6 2. Nf3 d5 3. e3 Nf6 4. b3 Bg4 5. Bb2 e6 6.
Be2 Bd6 7. d4 Ne4 8. O-O Nd7 9. Nbd2 f5 10. Rc1 O-O 11. Ne5 Bxe2 12. Qxe2 Rf6
13. f4 Nxd2 14. Qxd2 Rh6 15. Nxd7 Qxd7 16. Rc2 Qe7 17. g3 g5 18. cxd5 exd5 19.
fxg5 Qxg5 20. Qf2 Rh5 21. Bc1 Qg6 22. a3 Re8 23. Qf3 Re4 24. b4 a6 25. Rg2 Rg5
26. Bd2 Kf7 27. a4 Ke6 28. Qe2 h5 29. b5 axb5 30. axb5 h4 31. bxc6 hxg3 32.
hxg3 Rxg3 33. Rff2 f4 34. Rxg3 fxg3 35. Rg2 bxc6 36. Qa6 Qe8 37. Kf1 Qb8 38.
Ke2 Qb5+ 39. Qxb5 cxb5 40. Kd3 Kd7 41. Be1 Rg4 42. Kc3 Kc6 43. Kb3 Re4 44. Re2
g2 45. Bf2 Bh2 46. Re1 Rg4 47. Bg1 Bxg1 48. Rxg1 Rg3 49. Kc2 b4 50. Kd2 Kb5 51.
Ke2 b3 52. Kf2 Rg7 53. Ke2 b2 54. Kd3 Kb4 55. e4 dxe4+ 56. Kxe4 Kc3 0-1

[Event "2.ligaD04/05-2"]
[Site "?"]
[Date "2004.??.??"]
[Round "?"]
[White "Krcmar, Zdenek"]
[Black "Holemar, David"]
[Result "1-0"]
[WhiteElo "2289"]
[BlackElo "2326"]
[PlyCount "121"]
[EventDate "2004.??.??"]

1. e4 c6 2. d4 Na6 3. Nc3 Nc7 4. Bf4 g6 5. Qd2 Bg7 6. f3 d6 7. O-O-O Ne6 8. Be3
Qa5 9. Kb1 Bd7 10. Nge2 Nf8 11. Nc1 Qc7 12. f4 Nf6 13. g3 Bg4 14. Re1 Bf3 15.
Bg2 Bxg2 16. Qxg2 N6d7 17. e5 O-O-O 18. Nd3 Kb8 19. Rhf1 Nb6 20. f5 dxe5 21.
dxe5 gxf5 22. Rxf5 e6 23. Rf3 Ng6 24. Bg5 Nd5 25. Nxd5 Rxd5 26. c4 Rxe5 27.
Nxe5 Bxe5 28. Qf2 f5 29. Rd3 c5 30. Qd2 Rc8 31. Rd7 Qc6 32. Bf4 Nxf4 33. Rxe5
Ng6 34. Rd6 Nxe5 35. Rxc6 Nxc6 36. Qd6+ Rc7 37. Qxe6 Nd4 38. Qg8+ Rc8 39. Qxh7
Re8 40. Kc1 Re1+ 41. Kd2 Re2+ 42. Kd3 Rxb2 43. Qe7 b6 44. h4 Rxa2 45. h5 a5 46.
h6 Ra3+ 47. Kd2 Ra2+ 48. Kc1 Rh2 49. h7 Rh1+ 50. Kb2 Rh2+ 51. Kc3 Ne2+ 52. Kb3
Nd4+ 53. Ka3 Nc2+ 54. Ka4 Nd4 55. h8=Q+ Rxh8 56. Qe5+ Kb7 57. Qxh8 Kc7 58. Qf6
Kb7 59. Qd6 Ka7 60. Qc7+ Ka6 61. Qb8 1-0

[Event "2.ligaD04/05-2"]
[Site "?"]
[Date "2004.??.??"]
[Round "?"]
[White "Nehybka, Jiri"]
[Black "Belohlavek, Petr"]
[Result "1-0"]
[WhiteElo "2190"]
[BlackElo "2204"]
[PlyCount "63"]
[EventDate "2004.??.??"]

1. e4 c5 2. Nc3 Nc6 3. g3 g6 4. Bg2 Bg7 5. d3 e6 6. Be3 Nd4 7. f4 d6 8. Nf3 Ne7
9. O-O O-O 10. e5 Nef5 11. Bf2 dxe5 12. Nxe5 Qc7 13. Ne4 f6 14. Nc4 e5 15. fxe5
fxe5 16. c3 Ne6 17. Qb3 Rb8 18. Ne3 Kh8 19. Nd5 Qa5 20. g4 Nh6 21. h3 Bd7 22.
Be3 b6 23. Ndf6 Qa4 24. Qd5 Rbd8 25. Qxe5 Nf7 26. Qg3 Bb5 27. c4 Bc6 28. b3 Qa3
29. Qh4 h6 30. g5 Bxf6 31. Rxf6 Bxe4 32. Bxe4 1-0

[Event "2.ligaD04/05-2"]
[Site "?"]
[Date "2004.??.??"]
[Round "?"]
[White "Dittrich, Pavel"]
[Black "Skacelik, Petr"]
[Result "0-1"]
[WhiteElo "2196"]
[BlackElo "2250"]
[PlyCount "73"]
[EventDate "2004.??.??"]

1. d4 Nf6 2. Bg5 Ne4 3. Bf4 d6 4. Nd2 Bf5 5. e3 Nxd2 6. Qxd2 e6 7. Bd3 Bxd3 8.
Qxd3 Nd7 9. Nf3 Be7 10. O-O-O O-O 11. h4 Re8 12. g4 c6 13. g5 Qa5 14. Kb1 Qf5
15. Qe2 e5 16. Bg3 e4 17. Nd2 d5 18. f3 exf3 19. Nxf3 Qe6 20. Rdg1 Bd6 21. Bxd6
Qxd6 22. h5 Re7 23. g6 fxg6 24. hxg6 h6 25. Nh4 Rf8 26. Rf1 Qe6 27. Re1 Qe4 28.
Kc1 Rf6 29. Kd2 Nf8 30. Rh2 Nxg6 31. Nxg6 Rxg6 32. Rf2 Rg3 33. Qd3 Rg2 34. Ree2
Rg1 35. Qa3 Rg3 36. Qd6 Rxe3 37. Qxe7 0-1

[Event "2.ligaD04/05-2"]
[Site "?"]
[Date "2004.??.??"]
[Round "?"]
[White "Cagasik, Tomas"]
[Black "Brychta, David"]
[Result "1-0"]
[WhiteElo "2254"]
[BlackElo "2128"]
[PlyCount "57"]
[EventDate "2004.??.??"]

1. e4 c5 2. Nc3 d6 3. f4 Nf6 4. Nf3 g6 5. Bc4 Bg7 6. f5 Nc6 7. d3 Na5 8. Qe2
Nxc4 9. dxc4 gxf5 10. e5 dxe5 11. Qxe5 b6 12. Qg3 Kf8 13. Bd2 Be6 14. O-O-O
Bxc4 15. Qh4 Be6 16. Bh6 Qc8 17. Bxg7+ Kxg7 18. Qg5+ Kf8 19. Qh6+ Kg8 20. Ng5
Ng4 21. Qh4 f6 22. Nxe6 Qxe6 23. Rhe1 Ne5 24. Nd5 Rc8 25. Qh5 Kg7 26. Kb1 Rcd8
27. Nf4 Qc8 28. Kc1 Ng4 29. Rxe7+ 1-0

[Event "2.ligaD04/05-2"]
[Site "?"]
[Date "2004.??.??"]
[Round "?"]
[White "Miculka, Petr"]
[Black "Moulis, Mojmir"]
[Result "1-0"]
[WhiteElo "2079"]
[BlackElo "2106"]
[PlyCount "69"]
[EventDate "2004.??.??"]

1. e4 e5 2. Nf3 d6 3. d4 Nf6 4. Nc3 Nbd7 5. Bc4 Be7 6. O-O O-O 7. a4 a5 8. Be3
c6 9. Bb3 Qc7 10. Qd3 exd4 11. Bxd4 Nc5 12. Bxc5 dxc5 13. e5 Rd8 14. exf6 Rxd3
15. fxe7 Be6 16. Bxe6 Rd6 17. Bc4 Qxe7 18. Rfe1 Qc7 19. Ne4 Rh6 20. Rad1 Rf8
21. Neg5 Rd6 22. Rxd6 Qxd6 23. Nxf7 Qf4 24. N7e5+ Kh8 25. b3 g5 26. g4 Kg7 27.
Rd1 Rb8 28. Kg2 b5 29. Rd7+ Kh6 30. Bd3 Rh8 31. Nf7+ Kg7 32. N7xg5+ Kg8 33. h3
Qf6 34. axb5 h5 35. Bc4+ 1-0

[Event "2.ligaD04/05-2"]
[Site "?"]
[Date "2004.??.??"]
[Round "?"]
[White "Kucera, Vladislav"]
[Black "Tesar, Jan"]
[Result "0-1"]
[WhiteElo "2053"]
[BlackElo "2102"]
[PlyCount "48"]
[EventDate "2004.??.??"]

1. e4 d6 2. d4 Nf6 3. Nc3 g6 4. Be3 Bg7 5. h3 c6 6. f4 O-O 7. e5 dxe5 8. dxe5
Nd5 9. Nxd5 cxd5 10. Qd2 Bf5 11. O-O-O Qc7 12. Bd3 Bxd3 13. Qxd3 Rd8 14. Nf3
Nc6 15. g4 Rac8 16. Rh2 a5 17. Qb3 b5 18. Rxd5 Rxd5 19. Qxd5 Nb4 20. Qb3 Qb7
21. Ne1 Qe4 22. Bd2 Nxc2 23. Qxc2 Rxc2+ 24. Nxc2 g5 0-1

[Event "2.ligaD04/05-2"]
[Site "?"]
[Date "2004.??.??"]
[Round "?"]
[White "Kruml, David"]
[Black "Komprda, Pavel"]
[Result "1-0"]
[WhiteElo "2148"]
[BlackElo "2090"]
[PlyCount "85"]
[EventDate "2004.??.??"]

1. c4 Nf6 2. g3 g6 3. Bg2 Bg7 4. Nf3 d5 5. cxd5 Nxd5 6. d4 O-O 7. O-O c6 8. e4
Nf6 9. Nc3 Na6 10. h3 Qb6 11. Qe2 Nc7 12. Be3 Qa6 13. Qc2 Be6 14. Nd2 Rad8 15.
Rfd1 Nd7 16. Nb3 Bc4 17. Rac1 Nb5 18. Nxb5 Bxb5 19. e5 e6 20. Nd2 Be2 21. Re1
Bd3 22. Qb3 Nb6 23. a4 Nd5 24. Bxd5 Rxd5 25. Rc3 Be2 26. f3 c5 27. Rxc5 Rxc5
28. dxc5 Bd3 29. Bg5 Rc8 30. Re3 Bf5 31. g4 Qa5 32. Qxb7 Qxc5 33. gxf5 Bxe5 34.
fxe6 fxe6 35. Nb3 Qc2 36. Rxe5 Qd1+ 37. Kf2 Rc2+ 38. Nd2 Rxd2+ 39. Bxd2 Qxd2+
40. Re2 Qd4+ 41. Kg2 Qc4 42. Qb8+ Kf7 43. Qxa7+ 1-0

[Event "2.ligaD04/05-2"]
[Site "?"]
[Date "2004.??.??"]
[Round "?"]
[White "Kubicek, Pavel"]
[Black "Kratky, Petr"]
[Result "1-0"]
[WhiteElo "1891"]
[BlackElo "1937"]
[PlyCount "121"]
[EventDate "2004.??.??"]

1. e4 e5 2. Nf3 Nc6 3. d4 exd4 4. Bc4 d6 5. Nxd4 Nf6 6. O-O Be7 7. Nc3 Ne5 8.
Bb3 O-O 9. f4 Ng6 10. Be3 Ng4 11. Qd3 Nxe3 12. Qxe3 Re8 13. Rae1 Bf6 14. Nd5
Bh4 15. g3 Bf6 16. Nxf6+ Qxf6 17. e5 Qe7 18. e6 fxe6 19. Nxe6 Kh8 20. f5 Ne5
21. Rf4 Bxe6 22. Bxe6 Rf8 23. Bb3 Qg5 24. Qe4 b6 25. Ref1 Rae8 26. Kg2 a5 27.
c3 Rf6 28. Bd1 Ref8 29. h4 Qh6 30. Kh3 g5 31. fxg6 Rxf4 32. gxf4 Nxg6 33. f5
Ne5 34. Rg1 Rg8 35. Rxg8+ Kxg8 36. Bb3+ Kh8 37. Qa8+ Kg7 38. Qg8+ Kf6 39. Qe6+
Kg7 40. Qe7+ Kh8 41. Qe8+ Kg7 42. Qe7+ Kh8 43. Qd8+ Kg7 44. Qxc7+ Kf8 45. Qxb6
Ke7 46. Qc7+ Nd7 47. Kg4 Qg7+ 48. Kh5 Qg3 49. f6+ Kxf6 50. Qd8+ Ke5 51. Qe7+
Kf4 52. Qxd6+ Ne5 53. Qd4+ Kf3 54. Bd1+ Kg2 55. Qe4+ Kh2 56. Bg4 Nxg4 57. Qxg4
Qe5+ 58. Kh6 Qe6+ 59. Kxh7 Qe7+ 60. Qg7 Qxh4+ 61. Qh6 1-0

[Event "2.ligaD04/05-2"]
[Site "?"]
[Date "2004.11.07"]
[Round "?"]
[White "Klenner, Richard"]
[Black "Bina, Josef"]
[Result "0-1"]
[WhiteElo "1967"]
[BlackElo "2074"]
[PlyCount "56"]
[EventDate "2004.??.??"]

{409MB, Fritz8.ctg, EXEO} 1. e4 e5 2. Nf3 Nc6 3. c3 Nf6 4. d4 d5 5. Bb5 Nxe4 6.
Nxe5 Bd7 7. Nxd7 Qxd7 8. Nd2 Nxd2 9. Bxd2 a6 10. Ba4 Bd6 11. Qf3 Qe6+ 12. Be3
O-O-O 13. Bxc6 bxc6 14. O-O h6 15. b4 g5 16. a4 f5 17. Qe2 Kb7 18. Qb2 f4 19.
Bd2 f3 20. h3 fxg2 21. Kxg2 g4 22. h4 Qe4+ 23. Kg1 Qf3 24. b5 Qh3 25. bxa6+
Kxa6 26. f4 gxf3 27. Rf2 Rdg8+ 28. Bg5 hxg5 0-1

[Event "2.ligaD04/05-2"]
[Site "?"]
[Date "2004.11.07"]
[Round "?"]
[White "Goth, Jiri"]
[Black "Vratislavsky, Ivo"]
[Result "1/2-1/2"]
[WhiteElo "2097"]
[BlackElo "1825"]
[PlyCount "40"]
[EventDate "2004.??.??"]

{409MB, Fritz8.ctg, EXEO} 1. c4 f5 2. Nf3 Nf6 3. g3 b6 4. Bg2 Bb7 5. O-O e6 6.
Nc3 Bb4 7. d3 O-O 8. Qb3 Bxc3 9. Qxc3 Qe7 10. Re1 d6 11. Bg5 c5 12. e4 fxe4 13.
dxe4 e5 14. Nh4 Nc6 15. Nf5 Qd8 16. Rad1 Nd4 17. Nxd4 cxd4 18. Qa3 h6 19. Bxf6
Qxf6 20. f3 Rf7 1/2-1/2